000 00565nam a22001817a 4500
005 20170615120251.0
010 _aENG-118659
020 _a9788184655650
_c225.00
035 _aEN-102191
037 _bDBAD/PUB
082 _a280.21
100 _aBaptist, Antony John
245 _aThus spoke the bible:
_cby Antony John Baptist
_bBasics of biblical narratives /
260 _aDelhi
_bISPCK
_c2017
270 _aPost Box 1585, 1654, Madarsa Road, Kashmere Gate, Delhi-110006
300 _axx,159p
_c22cm.(pbk)
942 _2ddc
_cEN
_h280.21
_mBAP
999 _c141132
_d141132